[Event "17th Asian-ch"]
[Site "Xingtai CHN"]
[Date "2019.06.14"]
[Round "8.8"]
[White "Lu Shanglei"]
[Black "Laylo, Darwin"]
[Result "1-0"]
[WhiteElo "2624"]
[BlackElo "2433"]
[EventDate "2019.06.07"]
[PlyCount "85"]

1.e4 d5 2.exd5 Qxd5 3.Nc3 Qd6 4.d4 Nf6 5.Nf3 a6 6.g3 Bg4 7.h3 Bh5 8.Bg2 
Nc6 9.Bf4 Qb4 10.g4 Bg6 11.O-O O-O-O 12.a3 Qxb2 13.Qe1 e6 14.Ne5 Nd5 15.
Nxd5 exd5 16.Nxc6 bxc6 17.Qa5 Qb6 18.Qd2 Bd6 19.Rab1 Bxf4 20.Qxf4 Qa5 21.
h4 Bxc2 22.g5 Bxb1 23.Rxb1 Qxa3 24.Qxf7 Rd7 25.Qe6 Qa2 26.Qe1 Rf8 27.Bh3 
Qc2 28.f3 c5 29.Rc1 Qa4 30.dxc5 Kb8 31.Ra1 Qc6 32.Qb4+ Ka7 33.Bxd7 Qxd7 
34.c6 Qc8 35.Rb1 Ka8 36.Qa3 Rf7 37.Rb7 Qxb7 38.cxb7+ Kxb7 39.Qd3 Rd7 40.
Qf5 Kc8 41.Qxh7 d4 42.Qd3 Kd8 43.Kf2 1-0

[Event "17th Asian-ch"]
[Site "Xingtai CHN"]
[Date "2019.06.14"]
[Round "8.12"]
[White "Yakubboev, Nodirbek"]
[Black "Chanda, Sandipan"]
[Result "1/2-1/2"]
[WhiteElo "2587"]
[BlackElo "2511"]
[EventDate "2019.06.07"]
[PlyCount "74"]

1.d4 f5 2.c4 Nf6 3.Nc3 e6 4.Nf3 Bb4 5.Bd2 O-O 6.g3 d5 7.Qb3 Be7 8.Bg2 c6 
9.O-O Nbd7 10.Bf4 Nb6 11.Ne5 dxc4 12.Qd1 Nfd7 13.e4 Nxe5 14.Bxe5 Bd7 15.
Qe2 Be8 16.Rad1 Bf7 17.f4 Bb4 18.g4 Bxc3 19.gxf5 exf5 20.bxc3 Qh4 21.d5 
fxe4 22.dxc6 bxc6 23.Bxe4 Bd5 24.Bxd5+ cxd5 25.Qg2 Rf7 26.Rf3 Qh5 27.Rdf1 
Nd7 28.Bd4 Nf6 29.Rg3 Qf5 30.Bxf6 Qxf6 31.Qxd5 Qb6+ 32.Rf2 Rd8 33.Qxc4 Rd2
34.Rf3 Qg6+ 35.Kh1 Qb1+ 36.Kg2 Qg6+ 37.Kh1 Qb1+ 1/2-1/2

[Event "17th Asian-ch"]
[Site "Xingtai CHN"]
[Date "2019.06.14"]
[Round "8.18"]
[White "Lin Yi"]
[Black "Xu Yinglun"]
[Result "0-1"]
[WhiteElo "2396"]
[BlackElo "2548"]
[EventDate "2019.06.07"]
[PlyCount "58"]

1.d4 e6 2.c4 Nf6 3.Nf3 d5 4.g3 Bb4+ 5.Bd2 a5 6.Bg2 dxc4 7.Qc2 Ra6 8.O-O b5
9.a4 c6 10.Na3 Rb6 11.Rfd1 O-O 12.e4 h6 13.Be3 Rb7 14.Ne5 Qe7 15.Qc1 Rd8 
16.g4 Nfd7 17.f4 Nxe5 18.fxe5 Rbd7 19.axb5 cxb5 20.Nxb5 Nc6 21.Nd6 Bxd6 
22.exd6 Rxd6 23.Qxc4 Ne5 24.Qe2 Ba6 25.Qe1 Nc4 26.Rxa5 Nxe3 27.Qxe3 Qc7 
28.Qc3 Rc6 29.Qa3 Rc1 0-1

[Event "17th Asian-ch"]
[Site "Xingtai CHN"]
[Date "2019.06.14"]
[Round "8.19"]
[White "Zhao Chenxi"]
[Black "Tran Tuan Minh"]
[Result "1-0"]
[WhiteElo "2383"]
[BlackElo "2526"]
[EventDate "2019.06.07"]
[PlyCount "95"]

1.e4 c5 2.Nf3 d6 3.d4 cxd4 4.Qxd4 Nc6 5.Bb5 Bd7 6.Qd3 g6 7.O-O Bg7 8.c4 
Nf6 9.Nc3 O-O 10.h3 Rc8 11.Be3 Nb4 12.Qe2 a6 13.Bxd7 Nxd7 14.Bd4 Ne5 15.
Bxe5 dxe5 16.Rfd1 Qe8 17.Nd5 Nc6 18.Nb6 Rd8 19.c5 e6 20.Rxd8 Qxd8 21.Rd1 
Qe7 22.a3 Rd8 23.b4 Nd4 24.Nxd4 exd4 25.Nc4 e5 26.Nb6 Qe6 27.Qc4 Qxc4 28.
Nxc4 Kf8 29.Kf1 Ke7 30.Ke2 Ke6 31.Kd3 Bf8 32.Rc1 Rc8 33.Rc2 Be7 34.f3 h5 
35.a4 g5 36.g3 f6 37.Rh2 Rb8 38.h4 gxh4 39.Rxh4 Rg8 40.Rh3 Bd8 41.f4 Bc7 
42.f5+ Kd7 43.b5 axb5 44.axb5 Rg5 45.b6 Bd8 46.Na5 Be7 47.Kc4 Rg4 48.Nxb7 
1-0

[Event "17th Asian-ch"]
[Site "Xingtai CHN"]
[Date "2019.06.14"]
[Round "8.20"]
[White "Xu Minghui"]
[Black "Ma Zhonghan"]
[Result "1/2-1/2"]
[WhiteElo "2368"]
[BlackElo "2488"]
[EventDate "2019.06.07"]
[PlyCount "42"]

1.Nf3 Nf6 2.c4 e6 3.g3 d5 4.Bg2 dxc4 5.Qa4+ c6 6.Qxc4 b5 7.Qb3 Bb7 8.O-O 
Nbd7 9.d4 a6 10.a4 Be7 11.Rd1 O-O 12.Bg5 c5 13.axb5 axb5 14.Nbd2 Qb6 15.
Ne5 Nxe5 16.dxe5 Bxg2 17.Kxg2 Nd5 18.Rxa8 Rxa8 19.Bxe7 Nxe7 20.Ne4 Nd5 21.
Qf3 Qc7 1/2-1/2

[Event "17th Asian-ch"]
[Site "Xingtai CHN"]
[Date "2019.06.14"]
[Round "8.21"]
[White "Wan Yunguo"]
[Black "Gomez, John Paul"]
[Result "1-0"]
[WhiteElo "2531"]
[BlackElo "2467"]
[EventDate "2019.06.07"]
[PlyCount "97"]

1.e4 e5 2.Nf3 Nc6 3.Bc4 Bc5 4.c3 Nf6 5.d4 exd4 6.e5 d5 7.Bb5 Ne4 8.cxd4 
Bb6 9.Nc3 O-O 10.Be3 Bg4 11.h3 Bh5 12.Qc2 Bg6 13.Qb3 Na5 14.Qxd5 Qe7 15.
Qd7 Qb4 16.O-O Rad8 17.Nd5 Qxb2 18.Ne7+ Kh8 19.Qg4 Nxf2 20.Qh4 Qxb5 21.
Nxg6+ fxg6 22.Ng5 h6 23.Nf7+ Rxf7 24.Qxd8+ Kh7 25.Bxf2 Nc6 26.Qe8 Rxf2 27.
Rxf2 Bxd4 28.Rf1 Qxe5 29.Qxe5 Nxe5 30.Rd1 c5 31.Rxd4 cxd4 32.Rf8 d3 33.Rd8
g5 34.Rd5 d2 35.Rxd2 Kg6 36.Rd8 b6 37.Rb8 Nc4 38.Rc8 Ne5 39.Rc7 a6 40.Ra7 
a5 41.Kf2 Kf6 42.Ke3 g4 43.hxg4 Nxg4+ 44.Kd4 g5 45.Rb7 Kf5 46.Rxb6 Kf4 47.
Rb3 Kf5 48.Rf3+ Kg6 49.Ra3 1-0

[Event "17th Asian-ch"]
[Site "Xingtai CHN"]
[Date "2019.06.14"]
[Round "8.22"]
[White "Li Di"]
[Black "Zou Chen"]
[Result "0-1"]
[WhiteElo "2535"]
[BlackElo "2415"]
[EventDate "2019.06.07"]
[PlyCount "76"]

1.Nf3 c5 2.c4 Nc6 3.d4 cxd4 4.Nxd4 g6 5.e4 Bg7 6.Be3 d6 7.Be2 Nf6 8.Nc3 
O-O 9.O-O Bd7 10.Qd2 Nxd4 11.Bxd4 Bc6 12.f3 a5 13.b3 Nd7 14.Be3 Nc5 15.
Rab1 Be5 16.Rfc1 e6 17.Bg5 Qb6 18.Kh1 f5 19.exf5 Rxf5 20.Be3 Raf8 21.Rf1 
Qd8 22.f4 Bg7 23.Bf3 Qh4 24.Bxc6 bxc6 25.Rf3 Qe7 26.Re1 e5 27.Bxc5 dxc5 
28.Qe3 Qh4 29.Ref1 exf4 30.Qe6+ Kh8 31.Ne4 Re5 32.Qxc6 Qe7 33.Nf2 Re6 34.
Qb5 Re1 35.Nh3 Qe2 36.Rg1 Bd4 37.Qxa5 Rxg1+ 38.Nxg1 Qd1 0-1

[Event "17th Asian-ch"]
[Site "Xingtai CHN"]
[Date "2019.06.14"]
[Round "8.23"]
[White "Zhang Ziji"]
[Black "Vishnu Prasanna, Vasanthan"]
[Result "1-0"]
[WhiteElo "2408"]
[BlackElo "2511"]
[EventDate "2019.06.07"]
[PlyCount "69"]

1.d4 Nf6 2.c4 g6 3.Nc3 Bg7 4.e4 d6 5.h3 Nbd7 6.Be3 e5 7.d5 Nc5 8.Qc2 a5 9.
g4 h5 10.g5 Nfd7 11.Nf3 a4 12.O-O-O O-O 13.Nd2 c6 14.Kb1 Qa5 15.a3 Nb6 16.
Rc1 Bd7 17.Qd1 f5 18.gxf6 Rxf6 19.Be2 Raf8 20.Qg1 Nc8 21.Qg3 Ne7 22.Rhg1 
cxd5 23.Nxd5 Nxd5 24.cxd5 Bb5 25.Rxc5 dxc5 26.Bxh5 Be2 27.Nc4 Qc7 28.Bg4 
b5 29.Nxe5 b4 30.Nd7 Qb7 31.Nxf6+ Rxf6 32.Bxc5 bxa3 33.Qxa3 Rb6 34.Bxb6 
Qxb6 35.Rd1 1-0

[Event "17th Asian-ch"]
[Site "Xingtai CHN"]
[Date "2019.06.14"]
[Round "8.24"]
[White "Kojima, Shinya"]
[Black "Xu Zhihang"]
[Result "0-1"]
[WhiteElo "2400"]
[BlackElo "2504"]
[EventDate "2019.06.07"]
[PlyCount "78"]

1.Nf3 Nf6 2.c4 e6 3.Nc3 Bb4 4.Qc2 O-O 5.a3 Bxc3 6.Qxc3 b6 7.g3 Bb7 8.Bg2 
d5 9.d3 d4 10.Qc2 e5 11.Bg5 h6 12.Bxf6 Qxf6 13.O-O Qd6 14.e4 dxe3 15.fxe3 
Nd7 16.Rad1 Rae8 17.Ne1 Bxg2 18.Nxg2 f5 19.d4 e4 20.b4 Kh7 21.Rf2 g6 22.
Rfd2 Nf6 23.c5 Qd5 24.Nf4 Qf7 25.d5 Ng4 26.Re2 Ne5 27.Qc3 Qf6 28.Rc2 Rf7 
29.d6 bxc5 30.Qxc5 g5 31.dxc7 gxf4 32.c8=Q Rxc8 33.Qxc8 fxg3 34.Qd8 Qg6 
35.Rg2 Nf3+ 36.Kh1 Nxh2 37.Rd7 Nf3 38.Rxf7+ Qxf7 39.Rxg3 Qh5+ 0-1

[Event "17th Asian-ch"]
[Site "Xingtai CHN"]
[Date "2019.06.14"]
[Round "8.25"]
[White "Harshavardhan, G. B."]
[Black "Bilguun, Sumiya"]
[Result "0-1"]
[WhiteElo "2406"]
[BlackElo "2478"]
[EventDate "2019.06.07"]
[PlyCount "51"]

1.d4 Nf6 2.c4 b6 3.Nc3 Bb7 4.Qc2 e6 5.e4 d6 6.Nf3 Be7 7.Be2 O-O 8.O-O a6 
9.d5 e5 10.h3 Nbd7 11.Be3 c6 12.b4 Rc8 13.Qb3 cxd5 14.cxd5 Rxc3 15.Qxc3 
Nxe4 16.Qa3 Ndf6 17.Rfd1 Nxd5 18.Ne1 Nxe3 19.Qxe3 d5 20.Qb3 Nf6 21.Rac1 
Bd6 22.Nc2 Qe7 23.a3 g6 24.Ne3 e4 25.Ng4 Nxg4 26.Bxg4 0-1

[Event "17th Asian-ch"]
[Site "Xingtai CHN"]
[Date "2019.06.14"]
[Round "8.26"]
[White "Chen Qi"]
[Black "Rahul Srivatshav, P."]
[Result "1/2-1/2"]
[WhiteElo "2453"]
[BlackElo "2395"]
[EventDate "2019.06.07"]
[PlyCount "66"]

1.e4 c5 2.Nf3 e6 3.Nc3 Nc6 4.d4 cxd4 5.Nxd4 Qc7 6.Be2 Nf6 7.O-O Be7 8.Be3 
O-O 9.f4 d6 10.Kh1 a6 11.Qe1 Nxd4 12.Bxd4 b5 13.Qg3 Bb7 14.a3 Rad8 15.Rae1
Rd7 16.Bd3 Re8 17.a4 b4 18.Na2 a5 19.c3 b3 20.Nc1 Bc6 21.Nxb3 Bxa4 22.Nd2 
e5 23.Be3 Kh8 24.Qh3 Rb8 25.Ra1 Bc6 26.b3 Rdd8 27.c4 Rb4 28.Qf3 Nd7 29.Bc2
exf4 30.Bxf4 Bf6 31.Ra2 Rdb8 32.h3 Kg8 33.Qg3 Ne5 1/2-1/2

[Event "17th Asian-ch"]
[Site "Xingtai CHN"]
[Date "2019.06.14"]
[Round "8.27"]
[White "Bersamina, Paulo"]
[Black "Huang Renjie"]
[Result "1-0"]
[WhiteElo "2446"]
[BlackElo "2327"]
[EventDate "2019.06.07"]
[PlyCount "95"]

1.e4 c5 2.Nf3 d6 3.d4 cxd4 4.Nxd4 Nf6 5.Nc3 g6 6.Be3 Bg7 7.f3 O-O 8.Qd2 
Nc6 9.O-O-O d5 10.Nxc6 bxc6 11.Bh6 Bxh6 12.Qxh6 Qb6 13.h4 Rb8 14.b3 Qc5 
15.Kb2 dxe4 16.Qg5 Qxg5 17.hxg5 Nd5 18.Nxe4 Bf5 19.Bd3 Nf4 20.g4 Nxd3+ 21.
Rxd3 Bxe4 22.fxe4 Kg7 23.a4 Rbd8 24.Rhd1 Rxd3 25.Rxd3 h5 26.gxh6+ Kxh6 27.
Rd7 Kg5 28.Rxa7 Re8 29.b4 Kxg4 30.b5 cxb5 31.axb5 f5 32.c4 f4 33.c5 f3 34.
Kc3 f2 35.Ra1 Kf3 36.c6 Rc8 37.Kd4 g5 38.Kc5 g4 39.b6 g3 40.b7 Rg8 41.c7 
g2 42.Ra3+ Kxe4 43.c8=Q Rg5+ 44.Kb4 Rb5+ 45.Kxb5 f1=Q+ 46.Qc4+ Qxc4+ 47.
Kxc4 g1=Q 48.b8=Q 1-0

[Event "17th Asian-ch"]
[Site "Xingtai CHN"]
[Date "2019.06.14"]
[Round "8.28"]
[White "Amartuvshin, Ganzorig"]
[Black "Zhao Yuanhe"]
[Result "1-0"]
[WhiteElo "2394"]
[BlackElo "2444"]
[EventDate "2019.06.07"]
[PlyCount "113"]

1.d4 d5 2.c4 c6 3.Nf3 Nf6 4.Nc3 e6 5.e3 Nbd7 6.Bd3 dxc4 7.Bxc4 b5 8.Bd3 b4
9.Ne4 Nxe4 10.Bxe4 Bb7 11.O-O Bd6 12.a3 bxa3 13.b3 Nf6 14.Bd3 c5 15.Bxa3 
cxd4 16.Bb5+ Ke7 17.Qxd4 Bxa3 18.Rxa3 a6 19.Be2 Qxd4 20.Nxd4 Rhc8 21.Rfa1 
Nd5 22.Bf3 Rc7 23.h3 Rac8 24.Bxd5 Bxd5 25.Rxa6 Rb7 26.Ra7 Rcc7 27.Rxb7 
Rxb7 28.Rb1 Rb4 29.f4 f6 30.Kf2 h6 31.g3 g5 32.Rd1 Rb7 33.Nf5+ exf5 34.
Rxd5 Rxb3 35.Rxf5 Rb2+ 36.Kf3 Rh2 37.Ra5 Kf7 38.Kg4 h5+ 39.Kxh5 gxf4 40.
Ra7+ Ke6 41.exf4 Rxh3+ 42.Kg4 Rh6 43.f5+ Ke5 44.Re7+ Kd6 45.Re6+ Kd7 46.
Kf4 Kd8 47.g4 Kd7 48.Kg3 Kd8 49.g5 Rh5 50.gxf6 Rxf5 51.Kg4 Rf1 52.Kg5 Rg1+
53.Kh6 Kd7 54.Re2 Rh1+ 55.Kg7 Rg1+ 56.Kf8 Rf1 57.f7 1-0

[Event "17th Asian-ch"]
[Site "Xingtai CHN"]
[Date "2019.06.14"]
[Round "8.29"]
[White "Harshit, Raja"]
[Black "Sankalp, Gupta"]
[Result "0-1"]
[WhiteElo "2437"]
[BlackElo "2359"]
[EventDate "2019.06.07"]
[PlyCount "94"]

1.e4 e6 2.d4 d5 3.Nd2 c5 4.Ndf3 Nc6 5.exd5 exd5 6.Bb5 cxd4 7.Qe2+ Qe7 8.
Nxd4 Qxe2+ 9.Ngxe2 Nf6 10.O-O a6 11.Ba4 Bd7 12.Nf3 Bc5 13.Bg5 Ne4 14.Rad1 
Be6 15.Bb3 h6 16.Be3 Bxe3 17.fxe3 O-O-O 18.Nf4 Nf6 19.Nd4 Rhe8 20.h3 Na5 
21.c3 Kc7 22.Rf3 Bc8 23.Rdf1 Re7 24.Rg3 Nxb3 25.axb3 Rg8 26.Nfe6+ fxe6 27.
Rxf6 e5 28.Ne2 Be6 29.Rfg6 Kd7 30.Kh2 Ke8 31.Ng1 Kf7 32.Nf3 Bd7 33.b4 Re6 
34.h4 e4 35.Rxe6 Kxe6 36.Nd4+ Kf6 37.h5 g5 38.hxg6 h5 39.Ne2 h4 40.Rh3 
Bxh3 41.Kxh3 Rxg6 42.Nf4 Rh6 43.Kg4 Ke5 44.Kg5 Rb6 45.Kxh4 a5 46.bxa5 Rxb2
47.g4 Rh2+ 0-1

[Event "17th Asian-ch"]
[Site "Xingtai CHN"]
[Date "2019.06.14"]
[Round "8.30"]
[White "Wang Shixu"]
[Black "Battulga, Namkhai"]
[Result "1-0"]
[WhiteElo "2392"]
[BlackElo "2425"]
[EventDate "2019.06.07"]
[PlyCount "91"]

1.d4 d5 2.c4 c6 3.Nf3 Nf6 4.e3 e6 5.b3 c5 6.cxd5 Nxd5 7.Bb2 cxd4 8.Nxd4 
Bb4+ 9.Nd2 O-O 10.a3 Bc3 11.Bxc3 Nxc3 12.Qc2 Nd5 13.Bd3 h6 14.O-O e5 15.
N4f3 Qe7 16.Nc4 Nc6 17.Bh7+ Kh8 18.Be4 Rd8 19.Rfd1 Be6 20.Rd2 Nb6 21.Bxc6 
Nxc4 22.bxc4 bxc6 23.Nxe5 Qc5 24.Nf3 Rxd2 25.Nxd2 Rb8 26.Qc3 a5 27.Rc1 a4 
28.h3 Bf5 29.Ra1 Be6 30.Rc1 Bf5 31.Ra1 Be6 32.Qc2 Rd8 33.Nf3 Qxc4 34.Qxc4 
Bxc4 35.Rc1 Bd5 36.Nd4 g6 37.f3 f5 38.Rc5 Kh7 39.Ra5 Bb3 40.Rc5 f4 41.Kf2 
fxe3+ 42.Kxe3 Bd5 43.Nxc6 Bxc6 44.Rxc6 Rb8 45.Rc7+ Kg8 46.Rc3 1-0

[Event "17th Asian-ch"]
[Site "Xingtai CHN"]
[Date "2019.06.14"]
[Round "8.31"]
[White "Hasan Parag, Mehdi"]
[Black "Krishna, C. R. G."]
[Result "1/2-1/2"]
[WhiteElo "2204"]
[BlackElo "2481"]
[EventDate "2019.06.07"]
[PlyCount "54"]

1.e4 e6 2.d4 d5 3.Nc3 Bb4 4.e5 c5 5.a3 Bxc3+ 6.bxc3 Qa5 7.Bd2 Qa4 8.Qg4 
Kf8 9.h4 Nc6 10.h5 h6 11.Nf3 b6 12.Bd3 Ba6 13.O-O Nge7 14.Qf4 Bxd3 15.cxd3
cxd4 16.cxd4 Ke8 17.Rfc1 a5 18.Rc3 Rc8 19.Rb1 b5 20.g4 Kd7 21.Kg2 Rb8 22.
Kg3 Rhc8 23.Rcb3 Ke8 24.Qe3 Rb7 25.Kg2 Rcb8 26.Kh3 Kd7 27.Kg2 Ke8 1/2-1/2

[Event "17th Asian-ch"]
[Site "Xingtai CHN"]
[Date "2019.06.14"]
[Round "8.32"]
[White "Torre, Eugenio"]
[Black "Nguyen Duc Hoa"]
[Result "1-0"]
[WhiteElo "2451"]
[BlackElo "2436"]
[EventDate "2019.06.07"]
[PlyCount "119"]

1.d4 Nf6 2.Bg5 Ne4 3.Bf4 c5 4.f3 Qa5+ 5.c3 Nf6 6.Nd2 cxd4 7.Nb3 Qd8 8.cxd4
d5 9.e3 e6 10.Bd3 a5 11.a3 Nc6 12.Bg3 Be7 13.Nd2 O-O 14.Ne2 Qb6 15.Nc3 Bd7
16.Qb3 Qxb3 17.Nxb3 b6 18.Rc1 Rfc8 19.Ke2 a4 20.Nd2 Ne8 21.Bb5 Nd6 22.Bxd6
Bxd6 23.Kf2 Rc7 24.Bxa4 Nb4 25.axb4 Bxa4 26.Nxa4 Rxa4 27.Rxc7 Bxc7 28.Rc1 
Ra7 29.f4 Kf8 30.Ke2 Ke8 31.Kd3 Kd7 32.Kc2 Bd6 33.Kb3 b5 34.Nf3 f6 35.Ne1 
e5 36.dxe5 fxe5 37.Nd3 exf4 38.exf4 Rc7 39.Nc5+ Ke7 40.g3 Kf6 41.Rc2 h5 
42.Rd2 Bxc5 43.bxc5 Rxc5 44.Kb4 Rc4+ 45.Kxb5 Ke6 46.b4 h4 47.Re2+ Kf6 48.
Re5 Rd4 49.gxh4 Rd1 50.Kc5 d4 51.Rd5 d3 52.Kc4 d2 53.Kc3 Rc1+ 54.Kxd2 Rc4 
55.b5 Rxf4 56.Ke3 Rxh4 57.Rd2 Ke5 58.b6 g5 59.b7 Rh8 60.Rb2 1-0

[Event "17th Asian-ch"]
[Site "Xingtai CHN"]
[Date "2019.06.14"]
[Round "8.33"]
[White "Chu Wei Chao"]
[Black "Peng Hongchi"]
[Result "1-0"]
[WhiteElo "2374"]
[BlackElo "2370"]
[EventDate "2019.06.07"]
[PlyCount "99"]

1.d4 d5 2.c4 c6 3.Nf3 Nf6 4.Nc3 e6 5.g3 Be7 6.Bg2 dxc4 7.Ne5 O-O 8.O-O Nd5
9.Nxc4 b5 10.Ne5 Bb7 11.Bd2 Nd7 12.Nxd7 Qxd7 13.Ne4 a5 14.Qc2 Rfd8 15.Rfd1
Qc7 16.Nc5 Bxc5 17.Qxc5 Qd6 18.e4 Nb4 19.a3 Qxc5 20.dxc5 Nd3 21.Bxa5 Rxa5 
22.Bf1 b4 23.Rxd3 Rxd3 24.Bxd3 g5 25.Rb1 bxa3 26.bxa3 Rxa3 27.Bf1 Ra7 28.
Rd1 Ra4 29.Rb1 Ra7 30.e5 Kf8 31.Kg2 Ke7 32.f4 gxf4 33.gxf4 Bc8 34.Kg3 Ra3+
35.Kg4 Rc3 36.Kg5 Rxc5 37.Kh6 Rc2 38.h4 Rh2 39.h5 Bd7 40.Rb7 Kd8 41.Bd3 c5
42.Bxh7 Bc6 43.Rxf7 Be8 44.Rf8 Ke7 45.Rxe8+ Kxe8 46.Kg5 c4 47.Bg6+ Ke7 48.
h6 c3 49.h7 c2 50.Bxc2 1-0

[Event "17th Asian-ch"]
[Site "Xingtai CHN"]
[Date "2019.06.14"]
[Round "8.34"]
[White "Chan Kim Yew"]
[Black "Srijit, Paul"]
[Result "1/2-1/2"]
[WhiteElo "2293"]
[BlackElo "2361"]
[EventDate "2019.06.07"]
[PlyCount "98"]

1.Nf3 f5 2.g3 Nf6 3.Bg2 g6 4.d4 Bg7 5.O-O O-O 6.c4 d6 7.Nc3 Nc6 8.b3 e5 9.
dxe5 dxe5 10.Ba3 Re8 11.Qxd8 Nxd8 12.e4 c6 13.Rad1 Nf7 14.Rfe1 f4 15.h4 
Bg4 16.Rd3 h6 17.Nh2 Be6 18.Nf1 g5 19.hxg5 Nxg5 20.Nh2 fxg3 21.fxg3 Rad8 
22.Red1 Rxd3 23.Rxd3 Bf7 24.Bc5 b6 25.Be3 Ne6 26.Bh3 Bf8 27.Ng4 Nxg4 28.
Bxg4 Nd4 29.Kg2 Bg7 30.Nd1 Bg6 31.Nf2 Re7 32.Rd1 Kh7 33.Rh1 b5 34.cxb5 
cxb5 35.Bh5 Nc2 36.Bxg6+ Kxg6 37.Bc5 Rc7 38.Nd3 Rd7 39.Rc1 Rxd3 40.Rxc2 a5
41.Kf2 a4 42.bxa4 bxa4 43.a3 Kg5 44.Be3+ Kg4 45.Rc6 Bf8 46.Rf6 Rd8 47.Rg6+
Kh3 48.Rg8 Be7 49.Rxd8 Bxd8 1/2-1/2

[Event "17th Asian-ch"]
[Site "Xingtai CHN"]
[Date "2019.06.14"]
[Round "8.35"]
[White "Song Yuxin"]
[Black "Winkelman, Albert"]
[Result "1-0"]
[WhiteElo "2308"]
[BlackElo "2176"]
[EventDate "2019.06.07"]
[PlyCount "71"]

1.e4 e5 2.Nf3 Nc6 3.Bb5 a6 4.Ba4 Nf6 5.O-O Be7 6.Re1 b5 7.Bb3 d6 8.c3 O-O 
9.h3 Nb8 10.d4 Nbd7 11.Nbd2 Bb7 12.Bc2 Re8 13.Nf1 Bf8 14.Ng3 g6 15.Bg5 h6 
16.Bd2 c5 17.d5 c4 18.Nh2 h5 19.Bg5 Be7 20.Be3 Nh7 21.Nf3 Qc7 22.Qd2 Nc5 
23.b4 cxb3 24.axb3 Rec8 25.Ng5 Nxg5 26.Bxg5 Bxg5 27.Qxg5 Qd8 28.Qh6 Qh4 
29.Nf5 Qf6 30.g4 hxg4 31.hxg4 Rc7 32.b4 Na4 33.Bxa4 bxa4 34.g5 Qh8 35.
Qxh8+ Kxh8 36.Nxd6 1-0

[Event "17th Asian-ch"]
[Site "Xingtai CHN"]
[Date "2019.06.14"]
[Round "8.36"]
[White "Bai, Adelard"]
[Black "Chaulagain, Purushottam"]
[Result "1-0"]
[WhiteElo "2074"]
[BlackElo "2020"]
[EventDate "2019.06.07"]
[PlyCount "67"]

1.d4 Nf6 2.c4 g6 3.f3 Bg7 4.e4 d6 5.Nc3 O-O 6.Be3 Nbd7 7.Qd2 c5 8.d5 Ne5 
9.Be2 a6 10.a4 Ne8 11.h3 f5 12.f4 Nf7 13.exf5 Bxf5 14.Nf3 Nf6 15.O-O Qb6 
16.g4 Bxg4 17.hxg4 Nxg4 18.a5 Qd8 19.Kh1 Nxe3 20.Qxe3 Qc8 21.Nh2 Nh6 22.
Bd3 Kh8 23.Rae1 Rf7 24.Qe6 Qc7 25.Ng4 Raf8 26.Nxh6 Bxh6 27.f5 Rf6 28.Qxe7 
Qc8 29.Re6 R6f7 30.Qh4 Bg7 31.f6 Bxf6 32.Rexf6 Qd8 33.Ne4 Qe7 34.Qg5 1-0

[Event "17th Asian-ch"]
[Site "Xingtai CHN"]
[Date "2019.06.15"]
[Round "9.1"]
[White "Le Quang Liem"]
[Black "Sethuraman, Panayapan"]
[Result "1-0"]
[WhiteElo "2694"]
[BlackElo "2613"]
[EventDate "2019.06.07"]
[PlyCount "75"]

1.e4 e5 2.Nf3 Nc6 3.Bb5 Nf6 4.d3 Bc5 5.Bxc6 dxc6 6.O-O Bd6 7.d4 Qe7 8.dxe5
Bxe5 9.Nxe5 Qxe5 10.Qf3 O-O 11.Nc3 Re8 12.Bf4 Qe7 13.Rfe1 Nd5 14.Bd2 Nxc3 
15.Bxc3 Qh4 16.Re3 Be6 17.Qg3 Qxg3 18.Rxg3 g6 19.Bf6 a5 20.a4 c5 21.Rd1 c4
22.Rg5 Ra6 23.Re5 Rc8 24.f3 Bh3 25.Bd8 Be6 26.Rb5 b6 27.Bf6 Raa8 28.Kf2 
Re8 29.Re5 c3 30.b3 c5 31.Rd6 Rab8 32.f4 c4 33.bxc4 Rec8 34.c5 bxc5 35.Ke3
Bc4 36.Re7 Kf8 37.Ra7 Rb2 38.Rxa5 1-0

[Event "17th Asian-ch"]
[Site "Xingtai CHN"]
[Date "2019.06.15"]
[Round "9.2"]
[White "Zhumabaev, Rinat"]
[Black "Narayanan, Sunilduth Lyna"]
[Result "1/2-1/2"]
[WhiteElo "2625"]
[BlackElo "2603"]
[EventDate "2019.06.07"]
[PlyCount "38"]

1.d4 Nf6 2.c4 g6 3.g3 c6 4.Bg2 d5 5.Qa4 Bg7 6.cxd5 Nxd5 7.Nf3 Nb6 8.Qa5 
Bxd4 9.Nxd4 Qxd4 10.Nc3 Na6 11.O-O f6 12.Ne4 Bg4 13.Bd2 O-O 14.Qa3 Qe5 15.
h3 Bf5 16.Nc3 Qe6 17.g4 Bc2 18.b3 g5 19.Rac1 Bg6 1/2-1/2

[Event "17th Asian-ch"]
[Site "Xingtai CHN"]
[Date "2019.06.15"]
[Round "9.4"]
[White "Maghsoodloo, Parham"]
[Black "Karthikeyan, Murali"]
[Result "0-1"]
[WhiteElo "2665"]
[BlackElo "2593"]
[EventDate "2019.06.07"]
[PlyCount "72"]

1.e4 c5 2.Nf3 d6 3.Bb5+ Nc6 4.O-O Bd7 5.Re1 Nf6 6.c4 e5 7.h3 Be7 8.d3 O-O 
9.Nc3 Ne8 10.a3 Nc7 11.Ba4 f5 12.b4 Ne6 13.exf5 Rxf5 14.Nd5 Rf7 15.Be3 
Ncd4 16.Bxd4 Bxa4 17.Qxa4 cxd4 18.c5 Bf8 19.Qb3 Rxf3 20.gxf3 Kh8 21.Re4 
Qg5+ 22.Rg4 Qf5 23.Rg3 dxc5 24.b5 Rd8 25.Re1 g6 26.h4 Ng7 27.b6 axb6 28.
Nxb6 Nh5 29.Rg5 Qxf3 30.Qd1 Qh3 31.Nc4 Bh6 32.Nxe5 Rf8 33.Rxg6 Rxf2 34.
Nf7+ Rxf7 35.Re8+ Bf8 36.Rg5 Ng3 0-1

[Event "17th Asian-ch"]
[Site "Xingtai CHN"]
[Date "2019.06.15"]
[Round "9.7"]
[White "Adhiban, Baskaran"]
[Black "Dai Changren"]
[Result "1/2-1/2"]
[WhiteElo "2676"]
[BlackElo "2480"]
[EventDate "2019.06.07"]
[PlyCount "114"]

1.d4 d5 2.c4 e6 3.Nc3 Be7 4.cxd5 exd5 5.Bf4 c6 6.e3 Bf5 7.Nge2 Nd7 8.h4 
Ngf6 9.Ng3 Be6 10.Bd3 Nb6 11.Qc2 Bd6 12.Nge2 Bxf4 13.Nxf4 Qd6 14.O-O-O 
O-O-O 15.f3 Kb8 16.g4 h6 17.Qh2 Ka8 18.Nh5 Qxh2 19.Rxh2 Ne8 20.b3 g6 21.
Nf4 Bc8 22.Bc2 Ng7 23.Nce2 Rde8 24.Kd2 Kb8 25.Ng3 a5 26.a4 Nd7 27.Rc1 b6 
28.Bxg6 fxg6 29.Nxg6 Rhg8 30.Rxc6 Kb7 31.Rc3 Nf6 32.Ne5 Be6 33.Ne2 Nd7 34.
Nd3 Nf6 35.Ne5 Nd7 36.Nxd7 Bxd7 37.Nf4 Rgf8 38.g5 hxg5 39.hxg5 Rh8 40.Rxh8
Rxh8 41.Nxd5 Bc6 42.Nf6 Rh2+ 43.Kc1 Bxf3 44.e4 Bh5 45.d5 Bg6 46.Rc6 Rg2 
47.Rd6 Nh5 48.Rd7+ Kc8 49.d6 Rxg5 50.Rc7+ Kd8 51.Rd7+ Kc8 52.Rc7+ Kd8 53.
Nd7 Nf4 54.Nxb6 Rc5+ 55.Kd2 Rxc7 56.dxc7+ Kxc7 57.Nc4 Ne6 1/2-1/2

[Event "17th Asian-ch"]
[Site "Xingtai CHN"]
[Date "2019.06.15"]
[Round "9.8"]
[White "Sengupta, Deep"]
[Black "Nguyen Ngoc Truong Son"]
[Result "1/2-1/2"]
[WhiteElo "2559"]
[BlackElo "2639"]
[EventDate "2019.06.07"]
[PlyCount "43"]

1.e4 e5 2.Nf3 Nf6 3.Nxe5 d6 4.Nf3 Nxe4 5.Nc3 Nxc3 6.dxc3 Be7 7.Be3 Nc6 8.
Qd2 Be6 9.O-O-O Qd7 10.Kb1 a6 11.Be2 O-O-O 12.Rhe1 Ne5 13.Nd4 Nc4 14.Bxc4 
Bxc4 15.b3 Be6 16.c4 Rde8 17.Nxe6 fxe6 18.Bd4 Bf6 19.f4 Qf7 20.Qa5 Rhf8 
21.g3 h6 22.Bxf6 1/2-1/2

[Event "17th Asian-ch"]
[Site "Xingtai CHN"]
[Date "2019.06.15"]
[Round "9.9"]
[White "Lalith Babu, Musunuri Rohit"]
[Black "Liu Yan"]
[Result "1-0"]
[WhiteElo "2571"]
[BlackElo "2504"]
[EventDate "2019.06.07"]
[PlyCount "137"]

1.d4 Nf6 2.c4 e6 3.g3 Bb4+ 4.Bd2 Be7 5.Bg2 d5 6.Nf3 c6 7.Qc2 O-O 8.O-O b6 
9.Rd1 Nbd7 10.Nc3 Ba6 11.cxd5 cxd5 12.Qa4 Bb7 13.Bf4 a6 14.Qb3 Nh5 15.Be3 
Nhf6 16.Ne1 Ne8 17.Nd3 Nd6 18.Bf4 Nc4 19.e4 Na5 20.Qc2 dxe4 21.Nxe4 Rc8 
22.Qe2 Bxe4 23.Bxe4 Nf6 24.Bg2 Nd5 25.Be5 Nc6 26.Nf4 Nxf4 27.Bxf4 Nb4 28.
a3 Nd5 29.Bxd5 Qxd5 30.Qxa6 b5 31.Rac1 Ra8 32.Qc6 Rfd8 33.Be5 Bf8 34.Rd3 
Ra4 35.Qxd5 Rxd5 36.Rc8 f6 37.b4 Ra7 38.Bc7 Ra6 39.Rb8 Kf7 40.Bb6 e5 41.
Kf1 Rd7 42.Ba5 Rd5 43.Ke2 exd4 44.Bb6 Re5+ 45.Kf1 Bd6 46.Rb7+ Re7 47.Rxe7+
Kxe7 48.Bxd4 Ke6 49.Ke2 h5 50.h3 Rc6 51.Kd2 g6 52.Bc3 f5 53.Kc2 g5 54.Kb3 
g4 55.hxg4 hxg4 56.a4 bxa4+ 57.Kxa4 Ra6+ 58.Kb3 Ra8 59.b5 Rb8 60.Bb4 Bc7 
61.Kc4 f4 62.gxf4 Rc8 63.Bc5 Kf5 64.Kb4 Bxf4 65.b6 Rg8 66.Bd6 Rg6 67.Bxf4 
Rxb6+ 68.Kc5 Ra6 69.Bg3 1-0

[Event "17th Asian-ch"]
[Site "Xingtai CHN"]
[Date "2019.06.15"]
[Round "9.10"]
[White "Nihal, Sarin"]
[Black "Yakubboev, Nodirbek"]
[Result "1-0"]
[WhiteElo "2606"]
[BlackElo "2587"]
[EventDate "2019.06.07"]
[PlyCount "99"]

1.d4 Nf6 2.Bf4 d5 3.e3 c5 4.dxc5 Qa5+ 5.Nc3 Bd7 6.a3 Qxc5 7.Nf3 e6 8.Bd3 
Bd6 9.Bg5 Ng4 10.O-O Ne5 11.Bf4 Nbc6 12.e4 Nxf3+ 13.Qxf3 Bxf4 14.Qxf4 d4 
15.Ne2 e5 16.Qg3 O-O 17.f4 f6 18.b4 Qd6 19.Rad1 Be6 20.Kh1 Rad8 21.f5 Bf7 
22.Qh4 a5 23.b5 Nb8 24.g4 h6 25.Qg3 Qxa3 26.h4 Qe7 27.Rf2 Rd6 28.Ng1 Nd7 
29.Nf3 Kh8 30.Rg1 Nc5 31.g5 Bh5 32.Nd2 a4 33.gxh6 gxh6 34.Be2 Bxe2 35.Rxe2
Rdd8 36.Reg2 Qh7 37.Qf3 h5 38.Rg6 Rg8 39.Nc4 Rxg6 40.fxg6 Qg7 41.Nb6 Ne6 
42.Qxh5+ Kg8 43.Nd5 Rf8 44.Qf5 Nf4 45.Nxf4 exf4 46.Qe6+ Kh8 47.h5 Ra8 48.
Rg2 f3 49.Rg3 f2 50.Kg2 1-0